Marvel- The Web Warriors - Statistics

General Stats
  • This quiz has been taken 47 times
  • The average score is 6 of 13
Answer Stats
Name % Correct
Miguel O'Hara/Spider-Man (2099)
100%
Miles Morales/Spider-Man (Ultimate)/Kid Arachnid
100%
Peter Parker/Spider-Man (Noir)/Spyder-Knight
100%
Mary-Jane Watson/Spider-Woman/Carnage Queen
79%
Petra Parker/Spider-Girl
62%
Eugene 'Flash' Thompson/(Agt.) Venom
56%
Peter Porker/Spider-Ham
47%
Amadeus Cho/Iron Spider
26%
Benjamin 'Ben' Reilly/Scarlet Spider
24%
Jessica Drew/Black Widow
9%
Peter Parkedcar/Spider-Mobile
3%
Spider-Man (Cowboy)
3%
Spider-Horse
0%
No matching quizzes found
Score Distribution
Percent of People with Each Score
Percentile by Number Answered
Your Score History
You have not taken this quiz